Lengua inglesa I / (Record no. 22537)

MARC details
000 -LEADER
campo de control de longitud fija 00729nam a2200205 i 4500
001 - NÚMERO DE CONTROL
campo de control 22537
003 - IDENTIFICADOR DE NÚMERO DE CONTROL
campo de control ES-MaACL
005 - FECHA Y HORA DE LA ÚLTIMA TRANSACCIÓN
campo de control 20250829062528.0
007 - CAMPO FIJO DE DESCRIPCIÓN FÍSICA--INFORMACIÓN GENERAL
campo de control de longitud fija t|
008 - DATOS DE LONGITUD FIJA--INFORMACIÓN GENERAL
campo de control de longitud fija 021203s1977 sp ||||1| spa d
100 1# - ENTRADA PRINCIPAL--NOMBRE DE PERSONA
Nombre de persona Alvarez Lowel, Mercedes.
9 (RLIN) 20862
245 10 - MENCIÓN DEL TÍTULO
Título Lengua inglesa I /
Mención de responsabilidad, etc. [preparada por el equipo docente formado por: Mercedes Alvarez Lowell, Antonio Ollero García].
260 ## - PUBLICACIÓN, DISTRIBUCIÓN, ETC.
Lugar de publicación, distribución, etc. [Móstoles (Madrid) :
Nombre del editor, distribuidor, etc. Grefol,
Fecha de publicación, distribución, etc. 1977]
300 ## - DESCRIPCIÓN FÍSICA
Extensión 6 t. en 1 v. ;
Dimensiones 30 cm.
500 ## - NOTA GENERAL
Nota general Precede al tít.: Universidad a Distancia.
700 1# - ENTRADA AGREGADA--NOMBRE PERSONAL
Nombre de persona Ollero García, Antonio.
9 (RLIN) 86926
710 2# - ENTRADA AGREGADA--NOMBRE DE ENTIDAD CORPORATIVA
Nombre de entidad corporativa o nombre de jurisdicción como elemento de entrada Universidad Nacional de Educación a Distancia (España)
9 (RLIN) 7405
852 ## - LOCALIZACIÓN
Ubicación ES-MaACL
Número de control de estantería L-7000
Sublocalización o colección R.108009
Holdings
Estatus retirado Estado de pérdida Estado de daño No para préstamo Biblioteca de origen Biblioteca actual Ubicación en estantería Fecha de adquisición Fuente de adquisición Total de préstamos Signatura topográfica completa Código de barras Visto por última vez Precio de reemplazo Tipo de ítem Koha
        Biblioteca del Ateneo de Madrid Biblioteca del Ateneo de Madrid Depósito 2 17/01/2008     L-7000 1023200 23/02/2023 23/02/2023 Libro impreso